Państwa Świata z Pamięci - Statystyki

Ogólne statystyki
  • Ten quiz został rozwiązany 102 razy
  • Średni wynik to 160 z 196
Statystyki odpowiedzi
Answers % Poprawnych
Białoruś
95%
Chiny
95%
Australia
94%
Polska
94%
Albania
92%
Andora
92%
Argentyna
92%
Brazylia
92%
Chorwacja
92%
Estonia
92%
Finlandia
92%
Rosja
92%
Szwecja
92%
Ukraina
92%
Belgia
91%
Dania
91%
Dominika
91%
Dominikana
91%
Egipt
91%
Grecja
91%
Korea Północna
91%
Luksemburg
91%
Peru
91%
Portugalia
91%
Stany Zjednoczone
91%
Urugwaj
91%
Wielka Brytania
91%
Armenia
89%
Cypr
89%
Czechy
89%
Francja
89%
Hiszpania
89%
Indie
89%
Irak
89%
Iran
89%
Irlandia
89%
Islandia
89%
Kanada
89%
Korea Południowa
89%
Niemcy
89%
Rumunia
89%
Słowacja
89%
Słowenia
89%
Turcja
89%
Algieria
88%
Arabia Saudyjska
88%
Austria
88%
Boliwia
88%
Bośnia i Hercegowina
88%
Bułgaria
88%
Holandia
88%
Indonezja
88%
Kazachstan
88%
Litwa
88%
Łotwa
88%
Macedonia Północna
88%
Norwegia
88%
Oman
88%
Pakistan
88%
Republika Południowej Afryki
88%
Włochy
88%
Afganistan
86%
Angola
86%
Chile
86%
Japonia
86%
Katar
86%
Kolumbia
86%
Maroko
86%
Meksyk
86%
Niger
86%
Sudan
86%
Szwajcaria
86%
Watykan
86%
Węgry
86%
Zimbabwe
86%
Ekwador
85%
Gruzja
85%
Kuba
85%
Liechtenstein
85%
Mołdawia
85%
Nigeria
85%
Nowa Zelandia
85%
Paragwaj
85%
Serbia
85%
Turkmenistan
85%
Antigua i Barbuda
83%
Bhutan
83%
Czarnogóra
83%
Demokratyczna Republika Konga
83%
Etiopia
83%
Jamajka
83%
Jemen
83%
Kostaryka
83%
Liban
83%
Malta
83%
Tunezja
83%
Uzbekistan
83%
Wenezuela
83%
Wietnam
83%
Azerbejdżan
82%
Czad
82%
Erytrea
82%
Filipiny
82%
Gujana
82%
Gwinea
82%
Izrael
82%
Jordania
82%
Kenia
82%
Kongo
82%
Kuwejt
82%
Laos
82%
Libia
82%
Malezja
82%
Monako
82%
Mongolia
82%
San Marino
82%
Sudan Południowy
82%
Zjednoczone Emiraty Arabskie
82%
Bahamy
80%
Bangladesz
80%
Barbados
80%
Belize
80%
Burundi
80%
Fidżi
80%
Ghana
80%
Honduras
80%
Panama
80%
Papua-Nowa Gwinea
80%
Tajwan
80%
Zambia
80%
Gwatemala
78%
Gwinea Równikowa
78%
Haiti
78%
Kambodża
78%
Kirgistan
78%
Kosowo
78%
Madagaskar
78%
Mali
78%
Nepal
78%
Salwador
78%
Singapur
78%
Somalia
78%
Sri Lanka
78%
Tadżykistan
78%
Bahrajn
77%
Botswana
77%
Dżibuti
77%
Mauretania
77%
Nikaragua
77%
Syria
77%
Timor Wschodni
77%
Gwinea Bissau
75%
Kamerun
75%
Malediwy
75%
Mauritius
75%
Republika Środkowoafrykańska
75%
Rwanda
75%
Senegal
75%
Surinam
75%
Tajlandia
75%
Trynidad i Tobago
75%
Gambia
74%
Malawi
74%
Seszele
74%
Uganda
74%
Wyspy Marshalla
74%
Burkina Faso
72%
Eswatini
72%
Grenada
72%
Liberia
72%
Mikronezja
72%
Palau
72%
Saint Lucia
72%
Saint Vincent i Grenadyny
72%
Wyspy Salomona
72%
Benin
71%
Brunei
71%
Gabon
71%
Mozambik
71%
Namibia
71%
Republika Zielonego Przylądka
71%
Samoa
71%
Togo
71%
Vanuatu
71%
Wybrzeże Kości Słoniowej
71%
Lesotho
69%
Mjanma
69%
Tanzania
69%
Tuvalu
69%
Komory
68%
Nauru
68%
Tonga
68%
Saint Kitts i Nevis
66%
Sierra Leone
65%
Kiribati
62%
Wyspy św. Tomasza i Książęca
20%
Nie znaleziono quizów pasujących do podanych kryteriów
Rozkład punktacji
Procent ludzi z każdym wynikiem
Percentyl według liczby udzielonych odpowiedzi
Twoja historia wyników
Nie rozwiązałeś tego quizu